Catálogo
 En Linea
Vista normal Vista MARC

Entrada Nombre personal

Número de registros utilizados en: 1

001 - NÚMERO DE CONTROL

  • campo de control: 41236

003 - IDENTIFICADOR DEL NÚMERO DE CONTROL

  • campo de control: OSt

005 - FECHA Y HORA DE LA ÚLTIMA TRANSACCIÓN

  • campo de control: 20200615033816.0

008 - DATOS DE LONGITUD FIJA

  • campo de control de longitud fija: 200615|| aca||aabn | a|a d

040 ## - FUENTE DE LA CATALOGACIÓN

  • Centro catalogador/agencia de origen: OSt
  • Centro/agencia transcriptor: OSt

100 ## - ENCABEZAMIENTO-NOMBRE DE PERSONA

  • Nombre de persona: RALEIGH, WALTER,
  • Títulos y otros términos asociados al nombre: SIR,
  • Fechas asociadas al nombre: 1552-1618
  • Subdivisión general: VIAJES
  • Subdivisión geográfica: GUAYANA

670 ## - FUENTE DE DATOS ENCONTRADOS

  • Cita de la fuente: Work cat.: (OSt)18676: Raleigh, Walter, Sir, 1552-1618. 41233, El descubrimiento del grande, rico y bello imperio de Guayana /, 1986.

Con tecnología Koha